| 000 | 01323cam a2200385 i 4500 | ||
|---|---|---|---|
| 001 | 18702551 | ||
| 003 | jhcsc | ||
| 005 | 20220207082610.0 | ||
| 008 | 150716s2017 nyua 001 0 eng | ||
| 010 | _a 2015946921 | ||
| 020 | _a9780077736224 | ||
| 020 | _a0077736222 | ||
| 040 |
_aDLC _beng _erda _cDLC _dDLC |
||
| 042 | _apcc | ||
| 050 | 0 | 0 |
_aQP34.5 _b.S4 2017 |
| 082 | 0 | 0 |
_a612 _223 |
| 100 | 1 |
_aVanPutte, Cinnamon L., _eauthor. |
|
| 240 | 1 | 0 | _aAnatomy & physiology |
| 245 | 1 | 0 |
_aSeeley's anatomy & physiology / _cCinnamon VanPutte, Southwestern Illinois College [and five others]. |
| 246 | 3 | _aSeeley's anatomy and physiology | |
| 250 | _aEleventh edition. | ||
| 260 |
_aNew York, NY : _bMcGraw-Hill Education, _c[2019] |
||
| 300 |
_a1 volume (various pagings) : _billustrations (chiefly color) ; _c29 cm. |
||
| 336 |
_atext _btxt _2rdacontent |
||
| 337 |
_aunmediated _bn _2rdamedia |
||
| 338 |
_avolume _bnc _2rdacarrier |
||
| 500 | _aRevised edition of: Seeley's anatomy & physiology / Rod Seeley [and others]. 11th edition, c2014. | ||
| 500 | _aIncludes index. | ||
| 650 | 0 | _aHuman physiology. | |
| 650 | 0 | _aHuman anatomy. | |
| 906 |
_a7 _bcbc _corigcop _d2 _encip _f20 _gy-gencatlg |
||
| 942 |
_2ddc _cBOOK |
||
| 999 |
_c475 _d475 |
||